| 000 | 00707nam a22001337a 4500 | ||
|---|---|---|---|
| 040 | _cRUA | ||
| 082 | _aAGR OEU 2015 B513 Or.1 | ||
| 100 | _aOEUNG NARUN, អឿង ណារុន | ||
| 245 | _aEffect of different levels of 15.15.15 fertilizer on chilli pepper in royal university of agriculture condition, ឥទ្ធិពលកម្រិតជីកែង ១៥.១៥.១៥ ខុសគ្នាៗលើដំណាំម្ទេសដៃនាងដាំដុះក្នងលក្ខខណ្ឌសាកលវិទ្យាល័យភូមិន្ទកសិកម្ម | ||
| 260 |
_aPhnom Penh _bRUA _c2015 |
||
| 300 |
_axi; 48p. _bill. _c2015 |
||
| 856 | _u OEUNG NARUN | ||
| 942 | _cAGR | ||
| 999 |
_c9070 _d9070 |
||